| 000 | 00378nam a22001337a 4500 | ||
|---|---|---|---|
| 008 | 140129b xxu||||| |||| 00| 0 eng d | ||
| 100 |
_977 _aMina, M. Shahajahan |
||
| 245 |
_aBusiness finance _cby M. Shahajahan Mina. _b= ব্যবসায় অর্থ |
||
| 250 | _a3rd ed. | ||
| 260 |
_aDhaka, _bAzizia, _cc2000. |
||
| 300 | _a100p | ||
| 650 | 0 |
_918 _aFinance |
|
| 942 |
_2ddc _cBK |
||
| 999 |
_c77 _d77 |
||